000 01243nam a2200289 a 4500
001 9559
003 BD-RjUL
005 20211208234810.0
008 160904s1958 nyua b 000 0 eng
035 _a(BD-RjUL)9604
040 _aDLC/ICU
_cICU
_dDLC
_dBD-RjUL
_beng
041 _aeng
082 0 0 _a607.2
_223
_bEXP 1958
245 0 0 _aExperimental designs in industry :
_ba symposium held November 5-9, 1956 at North Carolina State College /
_c edited by Victor Chew ; conducted by the Institute of Statistics, State college Section, Raleigh, North Carolina.
260 _aNew York :
_bWiley,
_cc1958.
300 _a268 p. :
_bill. ;
_c29 cm.
490 _aA Wiley publication in applied statistics
500 _a"Sponsored by the Mathematics Division, Air Force Offive of Scientific Research,Air Research and Development Command under contract AF 18(503)-55 "
504 _aIncludes bibliography.
650 0 _aResearch, Industrial.
_929618
650 0 _aExperimental design.
_9155241
650 0 _aTesting.
_929619
700 1 _aChew, Victor, ed.
_929621
710 _aInstitute of Statistics,
_bState college Section,
_cRaleigh, North Carolina.
_9161820
830 _aA Wiley publication in applied statistics
_9161821
942 _2ddc
_cBK
999 _c9559
_d9559